00647nam a2200169 a 450000100060000000300090000600800410001504000280005608200150008411001030009924500790020225000060028126001050028730000100039265000420040265000330044412728CO-ViMGA141112s2004 ck r 000 u spa d aCO-ViMGAbspacCO-ViMGA04a498 C535ej aColombia, Ministerio de Gobierno, Dirección Genral de integración y desarrollo de la Comunidad10aEjercicios de morfología y de sistaxis en diferentes lenguas colombianas a3 aSantafé de Bogotá : bInstituto Linguistico de Verano, cColombia Ministerio de Gobierno, c1978 a113p.14aINDIGENAS DE COLOMBIA - LENGUAS - BUA14aLENGUAS INDIGENAS - COLOMBIA